Oxford classical dictionary (Record no. 76592)

MARC details
000 -LEADER
fixed length control field 00431nam a2200181Ia 4500
008 - FIXED-LENGTH DATA ELEMENTS--GENERAL INFORMATION
fixed length control field 210210b1949 xxu||||| |||| 00| 0 eng d
041 ## - LANGUAGE CODE
Language code of text/sound track or separate title eng
082 ## - DEWEY DECIMAL CLASSIFICATION NUMBER
Classification number 030/17
100 ## - MAIN ENTRY--PERSONAL NAME
Personal name CARY (M) and Others Ed
245 ## - TITLE STATEMENT
Title Oxford classical dictionary
260 ## - PUBLICATION, DISTRIBUTION, ETC.
Place of publication, distribution, etc. Oxford
Name of publisher, distributor, etc. Clarendon Press
Date of publication, distribution, etc. 1949
300 ## - PHYSICAL DESCRIPTION
Extent xix,979
650 ## - SUBJECT ADDED ENTRY--TOPICAL TERM
Topical term or geographic name entry element Oxford
650 ## - SUBJECT ADDED ENTRY--TOPICAL TERM
Topical term or geographic name entry element dictionary
650 ## - SUBJECT ADDED ENTRY--TOPICAL TERM
Topical term or geographic name entry element classical
690 ## - LOCAL SUBJECT ADDED ENTRY--TOPICAL TERM (OCLC, RLIN)
Topical term or geographic name as entry element Dictionaries
906 ## - LOCAL DATA ELEMENT F, LDF (RLIN)
a 000064
Holdings
Withdrawn status Lost status Damaged status Not for loan Collection code Home library Current library Shelving location Date acquired Cost, normal purchase price Total Checkouts Full call number Barcode Date last seen Price effective from Koha item type
      Restricted Book   St Aloysius Library St Aloysius Library   02/17/2021 0.00   030/17 000064 02/17/2021 02/17/2021 Book